Langue française: racines grecques #1 - Les mots en "télé" - Statistiques

Statistiques générales
  • Ce quiz a été pris 14 740 fois
    14 150 depuis la dernière actualisation
  • Le résultat moyen est 12 sur 16
Statistiques - réponses
Définition Réponse % Correct
Ce qui permet de changer de chaîne pour la précédente Télécommande
99%
Appareil fixe ou mobile qui permet de communiquer à distance de son interlocuteur Téléphone
99%
Appareil à tube cathodique ou à écran plat Télévision
97%
Instrument qui permet de voir les astres Téléscope
95%
Permet de travailler à distance de son lieu de travail Télétravail
93%
Dans la fiction permet de communiquer par la pensée Télépathie
89%
Dans la fiction, pouvoir qui permet de se rendre instantanément quelque part Téléportation
88%
Type de remontée mécanique présentant des assises utilisé par les skieurs Télésiège
86%
Pouvoir qui permet de mettre en mouvement un objet situé à distance Télékinésie
73%
Moyen de transport composé d'une cabine transportée à l'aide de câbles aériens Téléphérique
73%
Nom que portait le message transmis par ce dernier Télégramme
67%
Appareil qui permettait de communiquer rapidement à distance par des messages courts Télégraphe
62%
Domaine dans lequel les opérateurs mobiles travaillent Télécommunication
59%
Vote à distance Télévote
56%
Transfert de données d'un ordinateur à l'autre Téléchargement
54%
Permettre de faire bouger un objet à l'aide d'une commande à distance Téléguider
36%
Aucun quiz correspondant
Distribution des résultats
% des personnes avec chaque résultat
Percentile par nombre de réponses
Votre historique - résultats
Vous n’avez pas pris ce quiz depuis la dernière actualisation